<?xml version="1.0" encoding="UTF-8"?>
<record
    xmlns:xsi="http://www.w3.org/2001/XMLSchema-instance"
    xsi:schemaLocation="http://www.loc.gov/MARC21/slim http://www.loc.gov/standards/marcxml/schema/MARC21slim.xsd"
    xmlns="http://www.loc.gov/MARC21/slim">

  <leader>01714nam a2200277Ia 4500</leader>
  <datafield tag="952" ind1=" " ind2=" ">
    <subfield code="0">0</subfield>
    <subfield code="1">0</subfield>
    <subfield code="4">0</subfield>
    <subfield code="7">0</subfield>
    <subfield code="a">04</subfield>
    <subfield code="b">04</subfield>
    <subfield code="d">2008-08-28</subfield>
    <subfield code="l">0</subfield>
    <subfield code="o">HF5415.13 F4918 2006</subfield>
    <subfield code="p">04 002015</subfield>
    <subfield code="r">2018-03-10</subfield>
    <subfield code="t">1</subfield>
    <subfield code="w">2012-06-24</subfield>
    <subfield code="y">LB</subfield>
  </datafield>
  <datafield tag="952" ind1=" " ind2=" ">
    <subfield code="0">0</subfield>
    <subfield code="1">0</subfield>
    <subfield code="4">0</subfield>
    <subfield code="7">0</subfield>
    <subfield code="a">04</subfield>
    <subfield code="b">04</subfield>
    <subfield code="d">2008-08-28</subfield>
    <subfield code="l">1</subfield>
    <subfield code="o">HF5415.13 F4918 2006</subfield>
    <subfield code="p">04 002016</subfield>
    <subfield code="r">2015-06-09</subfield>
    <subfield code="s">2015-06-03</subfield>
    <subfield code="t">2</subfield>
    <subfield code="w">2012-06-24</subfield>
    <subfield code="y">LB</subfield>
  </datafield>
  <datafield tag="952" ind1=" " ind2=" ">
    <subfield code="0">0</subfield>
    <subfield code="1">0</subfield>
    <subfield code="4">0</subfield>
    <subfield code="7">0</subfield>
    <subfield code="a">04</subfield>
    <subfield code="b">04</subfield>
    <subfield code="d">2008-08-28</subfield>
    <subfield code="l">2</subfield>
    <subfield code="o">HF5415.13 F4918 2006</subfield>
    <subfield code="p">04 002017</subfield>
    <subfield code="r">2019-05-08</subfield>
    <subfield code="s">2019-05-08</subfield>
    <subfield code="t">3</subfield>
    <subfield code="w">2012-06-24</subfield>
    <subfield code="y">LB</subfield>
  </datafield>
  <datafield tag="952" ind1=" " ind2=" ">
    <subfield code="0">0</subfield>
    <subfield code="1">0</subfield>
    <subfield code="4">0</subfield>
    <subfield code="7">0</subfield>
    <subfield code="a">04</subfield>
    <subfield code="b">04</subfield>
    <subfield code="d">2008-08-28</subfield>
    <subfield code="l">5</subfield>
    <subfield code="o">HF5415.13 F4918 2006</subfield>
    <subfield code="p">04 002018</subfield>
    <subfield code="r">2016-07-28</subfield>
    <subfield code="s">2016-07-28</subfield>
    <subfield code="t">4</subfield>
    <subfield code="w">2012-06-24</subfield>
    <subfield code="y">LB</subfield>
  </datafield>
  <datafield tag="999" ind1=" " ind2=" ">
    <subfield code="c">62279</subfield>
    <subfield code="d">62279</subfield>
  </datafield>
  <controlfield tag="008">120625s2006    mx            001 0 spa d</controlfield>
  <datafield tag="020" ind1=" " ind2=" ">
    <subfield code="a">9706864962</subfield>
  </datafield>
  <datafield tag="050" ind1=" " ind2="4">
    <subfield code="a">HF5415.13 </subfield>
    <subfield code="b">F4918 2006</subfield>
  </datafield>
  <datafield tag="100" ind1="1" ind2=" ">
    <subfield code="a">Ferrell, O. C. </subfield>
    <subfield code="e"> , autor </subfield>
  </datafield>
  <datafield tag="240" ind1="1" ind2="0">
    <subfield code="a">Marketing Strategy </subfield>
    <subfield code="l">Espa&#xF1;ol </subfield>
  </datafield>
  <datafield tag="245" ind1="1" ind2="0">
    <subfield code="a">Estrategia de marketing </subfield>
    <subfield code="c"> / O. C. Ferrell, Michael  D. Hartline ; traducci&#xF3;n Verania de Parres </subfield>
  </datafield>
  <datafield tag="250" ind1=" " ind2=" ">
    <subfield code="a">3a. edici&#xF3;n </subfield>
  </datafield>
  <datafield tag="260" ind1=" " ind2=" ">
    <subfield code="a">M&#xE9;xico</subfield>
    <subfield code="b"> : Thomson </subfield>
    <subfield code="c"> , 2006</subfield>
  </datafield>
  <datafield tag="300" ind1=" " ind2=" ">
    <subfield code="a">xx, 628 p&#xE1;ginas </subfield>
    <subfield code="c"> ; 26 cm. </subfield>
  </datafield>
  <datafield tag="500" ind1=" " ind2=" ">
    <subfield code="a">T&#xED;tulo original: Marketing Strategy </subfield>
  </datafield>
  <datafield tag="505" ind1="0" ind2=" ">
    <subfield code="a">Marketing en la nueva econom&#xED;a 
Planeaci&#xF3;n estrat&#xE9;gica de marketing 
An&#xE1;lisis de situaci&#xF3;n: recopilaci&#xF3;n y an&#xE1;lisis de la informaci&#xF3;n de marketing 
An&#xE1;lisis SWOT: un marco de referencia para desarrollar la estrategia de marketing 
Administraci&#xF3;n de las relaciones con los clientes 
Segmentaci&#xF3;n de mercados, marketing meta y posicionamiento 
Estrategia de productos 
Estrategia de precios 
Administraci&#xF3;n de las cadenas de distribuci&#xF3;n y abastecimiento 
Comunicaci&#xF3;n de marketing integral 
Implementaci&#xF3;n y control del marketing
Evaluaci&#xF3;n del impacto financiero del plan de marketing  
&#xC9;tica y responsabilidad social del marketing 
Casos</subfield>
  </datafield>
  <datafield tag="519" ind1=" " ind2=" ">
    <subfield code="a">Plan Flexible / </subfield>
    <subfield code="b">Mercadotecnia / </subfield>
    <subfield code="c">Estrategias de mercadotecnia (P27) / </subfield>
    <subfield code="d">(04 002015)</subfield>
  </datafield>
  <datafield tag="519" ind1=" " ind2=" ">
    <subfield code="a">Material Complementario / </subfield>
    <subfield code="d">(04 002016)</subfield>
  </datafield>
  <datafield tag="519" ind1=" " ind2=" ">
    <subfield code="a">Material Complementario / </subfield>
    <subfield code="d">(04 002017)</subfield>
  </datafield>
  <datafield tag="519" ind1=" " ind2=" ">
    <subfield code="a">Material Complementario / </subfield>
    <subfield code="d">(04 002018)</subfield>
  </datafield>
  <datafield tag="650" ind1=" " ind2="4">
    <subfield code="a">MERCADOTECNIA</subfield>
    <subfield code="x">ADMINISTRACI&#xD3;N </subfield>
  </datafield>
  <datafield tag="650" ind1=" " ind2="4">
    <subfield code="a">MERCADOTECNIA</subfield>
    <subfield code="x">ESTUDIOS DE CASOS </subfield>
  </datafield>
  <datafield tag="700" ind1="1" ind2=" ">
    <subfield code="a">Hartline, Michael D. </subfield>
    <subfield code="e"> , autor </subfield>
  </datafield>
  <datafield tag="700" ind1="1" ind2=" ">
    <subfield code="a">Parres, Verania de </subfield>
    <subfield code="e"> , traductor </subfield>
  </datafield>
  <datafield tag="942" ind1=" " ind2=" ">
    <subfield code="c">LB</subfield>
  </datafield>
</record>
